000 00637nam a2200241Ia 4500
003 OSt
005 20220918225123.0
006 a|||||r|||| 00| 0
007 ta
008 220917b |||||||| |||| 00| 0 eng d
024 _a237,621
037 _cTextual
040 _aARTS
_cARTS
_beng
041 _2eng
_aeng
082 _aV3.N14<--M68, L9;1
100 _aRead Donald
245 0 _aEngland 1868-1914
_b t he age of urban democracy
260 _aLondon
_bLongman
_c1979
300 _aix,518p
_ccm.
650 _aHISTORY
942 _hV3.N14<--M68, L9;1
_cTEXL
_2CC
999 _c283551
_d283551